Countries of Europe - Statistics

General Stats
  • This quiz has been taken 77 times
    8 since last reset
  • The average score is 10 of 22
Answers on the Grid
Answers color-coded by a green-red scale on the quiz's grid according to % correct below.
Albania
Armenia
Andorra
Austria
Italy
Australia
India
Germany
Monaco
United Kingdom
Switzerland
Greece
China
Chile
Netherlands
Poland
Ukraine
Sweden
Belgium
Norway
Kosovo
Romania
Denmark
Luxembourg
San Marino
Malta
Latvia
Bahrain
Fiji
Cameroon
 
Answer Stats
Answer % Correct
Albania
100%
Italy
57%
Andorra
43%
Austria
43%
Belgium
43%
Denmark
43%
Germany
43%
Greece
43%
Kosovo
43%
Latvia
43%
Luxembourg
43%
Malta
43%
Monaco
43%
Netherlands
43%
Norway
43%
Poland
43%
Romania
43%
San Marino
43%
Sweden
43%
Switzerland
43%
Ukraine
43%
United Kingdom
43%
No matching quizzes found
Score Distribution
Percent of People with Each Score
Percentile by Number Answered
Your Score History
You have not taken this quiz since the last reset